| Tag |
First Indicator |
Second Indicator |
Subfields |
| LEADER |
00000cam a22000001 4500 |
| 001 |
in00000050499 |
| 005 |
20151007071853.0 |
| 008 |
740801s1966 nyua b 00010 eng |
| 010 |
|
|
|a 66029873
|
| 035 |
|
|
|a (OCoLC)00399715
|
| 035 |
|
|
|9 AAE6793AM
|
| 040 |
|
|
|a DLC
|c DLC
|d TXA
|d UtOrBLW
|
| 049 |
|
|
|a TXAM
|c [468838]
|
| 050 |
0 |
0 |
|a QP551
|b .C44 1966
|
| 082 |
0 |
|
|a 574.1/9296
|
| 092 |
|
|
|a 574.19296
|b C454h, 1966
|
| 100 |
1 |
|
|a Chance, Britton.
|
| 245 |
1 |
0 |
|a Hemes and hemoproteins /
|c edited by Britton Chance, Ronald W. Estabrook [and] Takashi Yonetani.
|
| 264 |
|
1 |
|a New York :
|b Academic Press,
|c 1966.
|
| 300 |
|
|
|a xvi, 624 pages :
|b illustrations ;
|c 24 cm.
|
| 336 |
|
|
|a text
|b txt
|2 rdacontent
|
| 337 |
|
|
|a unmediated
|b n
|2 rdamedia
|
| 338 |
|
|
|a volume
|b nc
|2 rdacarrier
|
| 500 |
|
|
|a A Colloquium of the Johnson Research Foundation, University of Pennsylvania, held Apr. 16-17, 1966.
|
| 504 |
|
|
|a Includes bibliographies.
|
| 650 |
|
0 |
|a Heme.
|
| 650 |
|
0 |
|a Hemoproteins.
|
| 700 |
1 |
|
|a Estabrook, Ronald W.
|
| 700 |
1 |
|
|a Yonetani, Takashi.
|
| 710 |
2 |
|
|a Johnson Foundation for Medical Physics.
|
| 999 |
|
|
|a MARS
|
| 999 |
f |
f |
|s 482dc66b-4b7c-3d41-98aa-955352099cb2
|i 0e591278-c5fe-3e2e-9869-ae3e4ee7eaf5
|t 0
|
| 952 |
f |
f |
|p ric
|a Texas A&M University
|b Rellis Campus
|c Joint Library Facility
|d Remote Storage
|t 0
|e QP551 .C44 1966
|h Library of Congress classification
|i unmediated -- volume
|m A14800974214
|
| 998 |
f |
f |
|a QP551 .C44 1966
|t 0
|l Remote Storage
|